000 00944nam a2200289 a 4500
001 BRL_1521
005 20190320211239.0
008 130214s1977----u--aob####---#000-0#eng-#
020 _a0870442333
041 _aeng
044 _au
050 4 _aF1435
_b.S78 1977
100 1 _aStuart, George E.
_927157
245 1 0 _aThe mysterious maya
_cby George E. Stuart and Gene S. Stuart ; photographs by David Alan Harvey and Otis Imboden.
260 _aWashington, D.C.
_bNational Geographic Society
_c1977
300 _a199 p.
_bil., fotografías (a color), mapas
_c27 cm.
500 _aAu1713
500 _aEstado físico: Falta una parte a la camisa.
504 _aBibliografía: p. 196
650 1 4 _aMayas
_xHistoria
_923497
650 1 4 _aMayas
_xAntigüedades
_99555
700 1 _aS. Stuart, Gene
_ecoaut.
_927158
700 1 _aImboden, Otis
_eil.
_927159
700 1 _aHarvey, Alan David
_eil.
_927160
902 _aGRL
942 _2lcc
_cB
999 _c10330
_d10330